Environmental and architectural acoustics (Record no. 11323)

000 -LEADER
fixed length control field 00438nam a2200157Ia 4500
003 - CONTROL NUMBER IDENTIFIER
control field OSt
005 - DATE AND TIME OF LATEST TRANSACTION
control field 20230321153437.0
008 - FIXED-LENGTH DATA ELEMENTS--GENERAL INFORMATION
fixed length control field 230307s9999 xx 000 0 und d
020 ## - INTERNATIONAL STANDARD BOOK NUMBER
International Standard Book Number 9781138583139
082 ## - DEWEY DECIMAL CLASSIFICATION NUMBER
Classification number 693.834
Item number RIN
100 ## - MAIN ENTRY--PERSONAL NAME
Personal name Z. Maekawa (Author), Jens Rindel (Author), P. Lord (Author)
245 #0 - TITLE STATEMENT
Title Environmental and architectural acoustics
250 ## - EDITION STATEMENT
Edition statement 2nd Edition
260 ## - PUBLICATION, DISTRIBUTION, ETC. (IMPRINT)
Place of publication, distribution, etc London
Name of publisher, distributor, etc Spon press
Date of publication, distribution, etc London
942 ## - ADDED ENTRY ELEMENTS (KOHA)
Source of classification or shelving scheme
Holdings
Withdrawn status Lost status Source of classification or shelving scheme Damaged status Koha normalized classification for sorting Not for loan Permanent location Current location Date acquired Source of acquisition Cost, normal purchase price Full call number Barcode Date last seen Cost, replacement price Price effective from Koha item type
        693_834000000000000_RIN   BMS College of Architecture, Design and Planning BMS College of Architecture, Design and Planning 2023-03-16 10 1621.75 693.834 RIN AR-UG2975 2023-03-16 2495.00 2023-03-16 UG Books
Copyright © 2025, The Librarian, Library and Information Centre, BMSCA D&P, Bengaluru. All Rights Reserved
web counter

Powered by Koha